000 01301nam a2200325Ia 4500
001 ebr10426325
003 CaPaEBR
006 m u
007 cr cn|||||||||
008 091120s2010 enkac sb 001 0beng d
020 _z1848853742 (hbk.) :
020 _z9781848853744 (hbk.) :
040 _aCaPaEBR
_cCaPaEBR
035 _a(OCoLC)671655074
050 1 4 _aDA89.1.M67
_bS55 2010eb
082 0 4 _a941.082092
_222
100 1 _aSmith, Adrian,
_d1952-
245 1 0 _aMountbatten
_h[electronic resource] :
_bapprentice war lord /
_cAdrian Smith.
260 _aLondon :
_bI.B. Tauris,
_c2010.
300 _axii, 384 p. :
_bill., ports.
504 _aIncludes bibliographical references and index.
533 _aElectronic reproduction.
_bPalo Alto, Calif. :
_cebrary,
_d2010.
_nAvailable via World Wide Web.
_nAccess may be limited to ebrary affiliated libraries.
600 1 0 _aMountbatten of Burma, Louis Mountbatten,
_cEarl,
_d1900-1979.
650 0 _aAdmirals
_zGreat Britain
_vBiography.
650 0 _aNobility
_zGreat Britain
_vBiography.
650 0 _aViceroys
_zIndia
_vBiography.
655 7 _aElectronic books.
_2local
710 2 _aebrary, Inc.
856 4 0 _uhttp://site.ebrary.com/lib/rucke/Doc?id=10426325
_zAn electronic book accessible through the World Wide Web; click to view
999 _c142782
_d142782